| 000 | 00759nam a2200205Ii 4500 | ||
|---|---|---|---|
| 003 | JO-AjNU | ||
| 008 | 230605s9999||||xx |||||||||||||| ||und|| | ||
| 040 |
_aJO-AjNU _bara _erda _cJO-AjNU |
||
| 041 | _aara | ||
| 050 | 1 | 4 | _aHC415.26.I3898.1991 |
| 100 | 3 |
_aالعدوان، ياسر, _eauthor _945722 |
|
| 245 | 0 | 0 | _aالواقع الاقتصادي والاجتماعي للوحدات التنموية في منطقتي المفرق والبادية الشمالية |
| 250 | _aص | ||
| 264 | 3 | 1 | _aاربد:جامعة اليرموك،1991 |
| 300 | _a158ص | ||
| 336 |
_atext _btxt _2rdacontent |
||
| 337 |
_aunmediated _bn _2rdamedia |
||
| 338 |
_avolume _bnc _2rdacarrier |
||
| 650 | 4 |
_aالتنمية الاقتصادية-الاردن-المفرق _945723 |
|
| 999 |
_aA19840 _c23408 _d23408 |
||